000 00398nam a2200181Ia 4500
008 090124s9999 xx 000 0 und d
082 _b2242
100 _a"WEIT ,ERWIN"
245 _aEYEWITNESS
250 _a0
260 _bANDRE DEUTSCH
_c1973
300 _a224
600 _a"WEIT ,ERWIN"
630 _aEYEWITNESS
700 _a"WEIT ,ERWIN"
730 _aEYEWITNESS
942 _cBOOK
999 _c82318
_d82318